La mosca del mediterráneo en Chile, introducción y erradicación

সংরক্ষণ করুন:
গ্রন্থ-পঞ্জীর বিবরন
প্রধান লেখক: Olalquiaga Fauré, Gabriel
অন্যান্য লেখক: Lobos Aguirre, Carlos
বিন্যাস: গ্রন্থ
ভাষা:স্প্যানিশ
প্রকাশিত: Santiago. SAG. 1993.
বিষয়গুলি:
ট্যাগগুলো: ট্যাগ যুক্ত করুন
কোনো ট্যাগ নেই, প্রথমজন হিসাবে ট্যাগ করুন!

MARC

LEADER 00000nam a22000005a 4500
001 17384
003 CL-ChBUA
005 20120815103634.0
008 070301s1993 cl 000 0 spa
040 |a CL-ChBUA  |c CL-ChBUA 
082 0 0 |a 632.77 
090 |c 17384  |d 17384 
100 1 |a Olalquiaga Fauré, Gabriel. 
245 1 0 |a La mosca del mediterráneo en Chile, introducción y erradicación 
260 |b SAG.  |a Santiago.  |c 1993. 
300 |a 268 p.  |b cuads.  |a mapas.  |c 27 cm. 
504 |a Indice. 
650 4 |a MOSCA DE LA FRUTA. 
650 4 |a MOSCA DEL MEDITERRANEO. 
700 1 |a Lobos Aguirre, Carlos. 
942 |c LIB 
952 |0 0  |1 0  |4 0  |7 0  |9 24043  |a UNACH  |b UNACH  |c 600  |d 2007-03-05  |i 38.254.  |l 0  |o 632.77 / Ol 42.  |p 25042  |r 2012-12-27 00:00:00  |u 24043  |w 2012-08-08  |y LIB  |k 632.77 / Ol 42. 
999 |c 17384  |d 17384